| 000 | 00000nam##2200000za#4500 |
| 001 | 9.578833 |
| 003 | CaOODSP |
| 005 | 20210624190255 |
| 007 | cr ||||||||||| |
| 008 | 150406|1989||||xxc|||||o f|0| 0 eng|d |
| 022 | |a1488-5379 |
| 040 | |aCaOODSP|beng |
| 043 | |an-cn--- |
| 086 | 1 |aFs97-6/1696E-PDF |
| 110 | 1 |aCanada. |bDepartment of Fisheries and Oceans. |
| 245 | 12|aA model for evaluation of some management policy options for lobster or moult-type fisheries / |h[electronic resource]|cby R. Shotton. |
| 260 | |aHalifax - Nova Scotia : |bFisheries and Oceans Canada |c1989. |
| 300 | |a59p.|bfigs., references, tables |
| 490 | 1 |aCanadian technical report of fisheries and aquatic sciences|x1488-5379|vNo. 1696 |
| 500 | |aOn t.p.: Program Coordination and Economics Branch, Scotia-Fundy Region, Halifax, Nova Scotia. The catalogue number and ISSN for the print edition appear in the PDF version. |
| 546 | |a(Résumé en français) |
| 590 | |a14-04-Supp|b2014-02-05 |
| 720 | 1 |aShotton, Ross |
| 830 | #0|aCanadian technical report of fisheries and aquatic sciences,|x1488-5379|vNo. 1696|w(CaOODSP)9.504449 |
| 856 | 40|ahttp://publications.gc.ca|qPDF|s899 KB|uhttps://publications.gc.ca/collections/collection_2014/mpo-dfo/Fs97-6-1696-eng.pdf|yNo. 1696 |